01357cam a22003377a 4500003000500000005001700005008004100022010001000063011001000073035001000083040000900093090001000102100003100112245015700143260004000300300002300340502011900363590003700482590004100519590004100560590004100601590004200642650004600684650003400730650005200764901000700816942001000823949004200833999001700875952012700892CHAP20220329133825.0971013s1987 r 00010 d a11410 a12382 a15567 cCHAP aTesis00aMarcia Reyes, Juan.971289 0aReestructuración del proceso de reproducción de la unidad B del ejido colectivo Héroes de la Revoluciónb: Componente económico-administrativo aChapingo, Méx. :bEl autor,c1987 a103 h.b; gráfs. aTesis (Maestro en Ciencias Esp. en Economía del Desarrollo Rural) -- UACH. Departamento de Economía Agrícola aALEPHb10c20130110lUCH01h1228 aBATCH-UPDb10c20130110lUCH01h1006 aBATCH-UPDb10c20130410lUCH01h0616 aBATCH-UPDb10c20130913lUCH01h2028 aCONVERSIONb10c20130109lUCH01h130814aAgricultura cooperativaxChihuahua.9195814aAgriculturaxChihuahua.9135614aEjido Héroes de la Revolución, Chih.935910 aBK cTESIS bBCcTESd-27775eTS1h19698i15567si c11410d11410 00102local4051708TESISaBCbBCcPA_TESISd2019-12-31fTESISl0oTesisp-27775r2019-12-31 00:00:00w2019-12-31yTESIS